000 00473pab a2200145 454500
008 180718b xxu||||| |||| 00| 0 eng d
100 _aNaidu, B.S.K
245 _aA need for basic structural changes in technical education system in India
650 _a Trade and Technical Schools
650 _a Technical Schools
650 _a Technical Education
650 _aTrade and Technical Schools - India
773 _aIndian Journal of Training and Development
909 _a22425
999 _c22425
_d22425